|
|
|
|
| LEADER |
00000nab a2200000 a 4500 |
| 001 |
vtls000617172 |
| 003 |
SK-MaSNL |
| 005 |
20260426070843.0 |
| 008 |
201103c1997 xo 0 slo |
| 015 |
|
|
|a SNBRB19rr/mm-uuuuu
|
| 035 |
|
|
|a CL0617311
|
| 040 |
|
|
|a SNKBUCL
|b slo
|c SNKBUCL
|e AACR2
|
| 041 |
0 |
|
|a slo
|
| 044 |
|
|
|a xo
|c SK
|
| 080 |
|
|
|a 943.76(=924)"1942/1945"
|2 1981
|
| 080 |
|
|
|a 943.76"1942/1945"
|2 1981
|
| 100 |
1 |
|
|a Salner, Peter,
|d 1951-
|4 aut
|9 100837
|
| 245 |
1 |
0 |
|a V desaťtisícoch sa strácajú skutoční ľudia
|b 25. marca 1942 sa začali deportácie slovenských Židov
|c Peter Salner
|
| 650 |
0 |
7 |
|a Židia
|2 snkbucl
|9 3760
|
| 651 |
|
7 |
|a Slovensko
|2 SNKPHgeo
|9 14231
|
| 655 |
|
7 |
|a články z novín a časopisov
|2 snkbucl
|9 267496
|
| 773 |
0 |
|
|t Sme
|g Roč. 5 a 50, č. 66 (20. 3. 1997)
|
| 773 |
0 |
|
|t [Príl.] Fórum
|g Roč. 3, č. 9 (1997), s. 1 a 3
|
| 850 |
|
|
|a Slovenská národná knižnica v Martine
|a MTA001
|
| 852 |
|
|
|a SNK
|b KIS3GCP
|
| 958 |
|
|
|a SK
|
| 958 |
|
|
|a RK
|
| 958 |
|
|
|a RBX
|
| 999 |
|
|
|c 2671870
|d 2673800
|